Kniha a tvorca

Bibliographic Details
Main Authors: -j.f (Author), Tužinský, Ján, 1951-2022 (Author)
Format: Article
Language:Slovak
PhysicalDescription:Fot.1.
Subjects:

MARC

LEADER 00000nab a2200000 a 4500
001 vtls000060226
003 SK-MaSNL
005 20260303030844.0
008 111103c1980 xo 0 slo
015 |a SNBRB19rr/mm-uuuuu 
035 |a CL0070326 
040 |a SNKBUCL  |b slo  |c SNKBUCL  |e AACR2 
041 0 |a slo 
044 |a xo  |c SK 
080 |a 82:08:885.4  |2 1981 
080 |a 08  |2 1981 
080 |a 885.4  |2 1981 
100 1 |a -j.f.  |4 aut  |9 993085 
245 1 0 |a Kniha a tvorca  |c -j.f., Ján Tužinský 
300 |b Fot.1. 
610 2 7 |a Vydavateľstvo Tatran  |2 snkbucl  |9 57532 
650 0 7 |a vydavateľstvá slovenské  |2 snkbucl  |9 922208 
655 7 |a články z novín a časopisov  |2 snkbucl  |9 267496 
655 7 |a články z odboru literárna veda a krásna literatúra  |2 snkbucl  |9 770045 
700 1 |a Tužinský, Ján,  |d 1951-2022  |4 aut  |9 103658 
773 0 |t Ľud  |g Roč. 33, č. 135 (10. 6. 1980), s. 5 
850 |a Slovenská národná knižnica v Martine  |a MTA001 
852 |a SNK  |b KIS3GCP 
958 |a RK 
958 |a LX 
992 |a RBX 
999 |c 1654530  |d 1656460